| 000 | 00476nam a2200169 i 4500 | ||
|---|---|---|---|
| 001 | bgj | ||
| 100 | 1 | _aBOCCA, Geoffrey. | |
| 245 | 1 | 0 |
_aThe Adventurous Life of Winston Churchill / _cGeoffrey Bocca. |
| 260 |
_aNew York : _bJulian Messner, Inc., _cc. 1958. |
||
| 300 |
_a256 pp : _bill. ; _c24 cm. |
||
| 505 | _aIncludes index. | ||
| 600 | 1 | 9 | _aSir |Churchil, Winston, 1874-1965 |
| 040 | _cBPK | ||
| 041 | 0 | _aeng | |
| 942 | _cKS | ||
| 008 | s uk f |000 0 eng | ||
| 999 |
_c47489 _d47489 |
||
| 856 |
_uhttp://koha.tu.koszalin.pl/cgi-bin/koha/opac-detail.pl?biblionumber=47489 _yKatalog online BPK |
||